书目信息 |
| 题名: |
Java Web开发基础教程
|
|
| 作者: | 李俊 , 胡众义 , 叶晓丰 , 张笑钦 编著 | |
| 分册: | ||
| 出版信息: | 北京 清华大学出版社 2021.05 |
|
| 页数: | 231页 | |
| 开本: | 26cm | |
| 丛书名: | ||
| 单 册: | ||
| 中图分类: | TP312.8JA | |
| 科图分类: | ||
| 主题词: | JAVA语言--JAVA yu yan--程序设计--高等学校--教材 | |
| 电子资源: | ||
| ISBN: | 978-7-302-57638-9 | |
| 000 | 01433nam0 2200301 450 | |
| 001 | CAL 0120217160795 | |
| 005 | 20210430152925.9 | |
| 010 | @a978-7-302-57638-9@dCNY59.00 | |
| 100 | @a20210430d2021 em y0chiy0120 ea | |
| 101 | 0 | @achi |
| 102 | @aCN@b110000 | |
| 105 | @aa a 000yy | |
| 106 | @ar | |
| 200 | 1 | @aJava Web开发基础教程@AJava Web kai fa ji chu jiao cheng@f李俊 ... [等] 编著 |
| 210 | @a北京@c清华大学出版社@d2021.05 | |
| 215 | @a231页@c图@d26cm | |
| 304 | @a题名页题其余责任者: 胡众义, 叶晓丰, 张笑钦 | |
| 320 | @a有书目 | |
| 330 | @a本书将Java Web开发的前端和后端知识有机的结合在一起。全面地介绍了Java Web开发中所涉及的所有必要的基础知识。主要以MVC模型为基础讲解应用程序各层架构所涉及的技术, 其中, 视图层主要讲解JSP技术, 以及前端的一些通用技术, 如HTML、CSS、JavaScript和jQuery ; 控制层主要讲解Servlet技术, 模型层主要讲解基于MySQL访问的JDBC技术以及与控制层之间的交互。本书以简洁、通俗的语言讲解Java Web开中所涉及的所有必要的基础知识, 以经典详细的案例让读者能够快速动手实践, 真正掌握相关的知识, 为后续利用框架技术奠定基础。 | |
| 333 | @a21世纪高等学校计算机基础实用规划教材 | |
| 606 | 0 | @aJAVA语言@AJAVA yu yan@x程序设计@x高等学校@j教材 |
| 690 | @aTP312.8JA@v5 | |
| 701 | 0 | @a李俊@Ali jun@4编著 |
| 701 | 0 | @a胡众义@Ahu zhong yi@4编著 |
| 701 | 0 | @a叶晓丰@Aye xiao feng@4编著 |
| 701 | 0 | @a张笑钦@Azhang xiao qin@4编著 |
| 801 | 0 | @aCN@b人天书店@c20210430 |
| 905 | @aTSG@b0001248@dTP312.8JA@eL185@f2 | |
| Java Web开发基础教程/李俊 ... [等] 编著.-北京:清华大学出版社,2021.05 |
| 231页:图;26cm |
| 使用对象:21世纪高等学校计算机基础实用规划教材 |
| ISBN 978-7-302-57638-9:CNY59.00 |
| 本书将Java Web开发的前端和后端知识有机的结合在一起。全面地介绍了Java Web开发中所涉及的所有必要的基础知识。主要以MVC模型为基础讲解应用程序各层架构所涉及的技术, 其中, 视图层主要讲解JSP技术, 以及前端的一些通用技术, 如HTML、CSS、JavaScript和jQuery ; 控制层主要讲解Servlet技术, 模型层主要讲解基于MySQL访问的JDBC技术以及与控制层之间的交互。本书以简洁、通俗的语言讲解Java Web开中所涉及的所有必要的基础知识, 以经典详细的案例让读者能够快速动手实践, 真正掌握相关的知识, 为后续利用框架技术奠定基础。 |
| ● |
| 相关链接 |
|
|
|
正题名:Java Web开发基础教程
索取号:TP312.8JA/L185
 
预约/预借
| 序号 | 登录号 | 条形码 | 馆藏地/架位号 | 状态 | 备注 |
| 1 | 1531401 | 215314014 | 自科库301/301自科库 56排7列5层/ [索取号:TP312.8JA/L185] | 在馆 | |
| 2 | 1531402 | 215314023 | 自科库301/301自科库 56排7列5层/ [索取号:TP312.8JA/L185] | 在馆 |